Aku mahu saiz S (Record no. 97873)

MARC details
000 -LEADER
fixed length control field 00694nam a2200253 i 4500
001 - CONTROL NUMBER
control field C2-0293049
003 - CONTROL NUMBER IDENTIFIER
control field PPAK
005 - DATE AND TIME OF LATEST TRANSACTION
control field 20180728025023.0
008 - FIXED-LENGTH DATA ELEMENTS--GENERAL INFORMATION
fixed length control field 090114s2008 my a|||| ||||| | may d
020 ## - INTERNATIONAL STANDARD BOOK NUMBER
International Standard Book Number 9789833653867
040 ## - CATALOGING SOURCE
Original cataloging agency PPAK
Language of cataloging eng
Transcribing agency PPAK
Description conventions rda
082 04 - DEWEY DECIMAL CLASSIFICATION NUMBER
Classification number 899.233
Edition number 23
090 00 - LOCALLY ASSIGNED LC-TYPE CALL NUMBER (OCLC); LOCAL CALL NUMBER (RLIN)
Classification number (OCLC) (R) ; Classification number, CALL (RLIN) (NR) 899.233
Feature heading AIN
Feature heading G
100 0# - MAIN ENTRY--PERSONAL NAME
Personal name Ain Maisarah,
Relator term author
245 10 - TITLE STATEMENT
Title Aku mahu saiz S
264 #1 - PRODUCTION, PUBLICATION, DISTRIBUTION, MANUFACTURE, AND COPYRIGHT NOTICE
Place of production, publication, distribution, manufacture Batu Caves, Selangor :
Name of producer, publisher, distributor, manufacturer PTS One Sdn. Bhd. ,
Date of production, publication, distribution, manufacture, or copyright notice 2008
300 ## - PHYSICAL DESCRIPTION
Extent 245 pages :
Other physical details illustrations ;
Dimensions 20 cm
336 ## - CONTENT TYPE
Source rdacontent
Content type term text
337 ## - MEDIA TYPE
Source rdamedia
Media type term unmediated
338 ## - CARRIER TYPE
Source rdacarrier
Carrier type term volume
650 10 - SUBJECT ADDED ENTRY--TOPICAL TERM
Topical term or geographic name entry element Malay fiction.
700 0# - ADDED ENTRY--PERSONAL NAME
Personal name Mazlia Murat,
Relator term editor
942 ## - ADDED ENTRY ELEMENTS (KOHA)
-- dc
Koha item type Book
Holdings
Withdrawn Not for loan Current library Shelving location Date acquired Full call number Barcode Date last seen Koha item type Total Checkouts Total Renewals Date last checked out Checked out
    Perpustakaan Alor Setar Pinjaman Dewasa 09/12/2015 899.233 AIN A00876242 28/12/2025 Book 10 1 06/12/2025  
    Perpustakaan Awam Sungai Petani Pinjaman Dewasa 12/02/2009 899.233 AIN A01272572 09/05/2018 Book        
    Perpustakaan Bandar Baharu Pinjaman Dewasa 12/02/2009 899.233 AIN A01272579 09/05/2018 Book        
    Perpustakaan Jitra Pinjaman Dewasa 12/02/2009 899.233 AIN A01272573 07/09/2024 Book 1 1 07/09/2024 19/10/2024
    Perpustakaan Kuala Nerang Pinjaman Dewasa 12/02/2009 899.233 AIN A01272580 09/05/2018 Book        
    Perpustakaan Kulim Pinjaman Dewasa 12/02/2009 899.233 AIN A01272575 09/05/2018 Book        
    Perpustakaan Langkawi Pinjaman Dewasa 12/02/2009 899.233 AIN A01272574 26/12/2021 Book 3   07/12/2021  
    Perpustakaan Merbok Pinjaman Dewasa 02/02/2009 899.233 AIN A01271309 29/04/2023 Book 2   25/04/2023  
    Perpustakaan Pendang Pinjaman Dewasa 12/02/2009 899.233 AIN A01272582 09/05/2018 Book        
    Perpustakaan Sik Pinjaman Dewasa 12/02/2009 899.233 AIN A01272577 09/05/2018 Book        
    Perpustakaan Yan Pinjaman Dewasa 12/02/2009 899.233 AIN A01272576 09/05/2018 Book        
    PD04, Kg. Bukit Nambua, Kuala Nerang Pinjaman Dewasa 12/02/2009 899.233 AIN A01272581 09/05/2018 Book